<?xml version="1.0" encoding="UTF-8"?>
<record
    xmlns:xsi="http://www.w3.org/2001/XMLSchema-instance"
    xsi:schemaLocation="http://www.loc.gov/MARC21/slim http://www.loc.gov/standards/marcxml/schema/MARC21slim.xsd"
    xmlns="http://www.loc.gov/MARC21/slim">

  <leader>00953nam a2200229 i 4500</leader>
  <controlfield tag="001">78453</controlfield>
  <controlfield tag="003">ES-MaACL</controlfield>
  <controlfield tag="005">20230906173715.0</controlfield>
  <controlfield tag="007">t|</controlfield>
  <controlfield tag="008">041014s1912    fr           ||||1| fre d</controlfield>
  <datafield tag="100" ind1="1" ind2=" ">
    <subfield code="a">Hardy, Sim&#xE9;on-Prosper.</subfield>
    <subfield code="9">61837</subfield>
  </datafield>
  <datafield tag="245" ind1="1" ind2="0">
    <subfield code="a">Mes loisirs </subfield>
    <subfield code="b">: journal d'even&#xE9;ments tels qu'ils parviennent a ma connaissance (1746-1789) / </subfield>
    <subfield code="c">par S.P. Hardy ; publi&#xE9;e d'apr&#xE9;s le manuscrit aulographe et in&#xE9;dit de la Bib. Nationale, por Maurice Tourneux et Maurice Vitrac.</subfield>
  </datafield>
  <datafield tag="260" ind1=" " ind2=" ">
    <subfield code="a">Paris : </subfield>
    <subfield code="b">Alphonse Picard et Fils, </subfield>
    <subfield code="c">1912 (</subfield>
    <subfield code="e">Saunier : </subfield>
    <subfield code="f">Imp. Moderne)</subfield>
  </datafield>
  <datafield tag="300" ind1=" " ind2=" ">
    <subfield code="a">XXI, 445 p. ; </subfield>
    <subfield code="c">23 cm.</subfield>
  </datafield>
  <datafield tag="490" ind1="1" ind2=" ">
    <subfield code="a">M&#xE9;moires et documents in&#xE9;dits du si&#xE9;cle XVIII-XIX</subfield>
  </datafield>
  <datafield tag="505" ind1="8" ind2=" ">
    <subfield code="a">Contiene: Tome Pr&#xE9;mier 1764-1773</subfield>
  </datafield>
  <datafield tag="700" ind1="1" ind2=" ">
    <subfield code="a">Tourneux, Maurice.</subfield>
    <subfield code="9">111146</subfield>
  </datafield>
  <datafield tag="700" ind1="1" ind2=" ">
    <subfield code="a">Vitrac, Maurice.</subfield>
    <subfield code="9">115527</subfield>
  </datafield>
  <datafield tag="830" ind1="0" ind2=" ">
    <subfield code="a">M&#xE9;moires et documents in&#xE9;dits du si&#xE9;cle XVIII-XIX</subfield>
    <subfield code="9">231396</subfield>
  </datafield>
  <datafield tag="852" ind1=" " ind2=" ">
    <subfield code="a">ES-MaACL</subfield>
    <subfield code="j">B-13593</subfield>
  </datafield>
  <datafield tag="999" ind1=" " ind2=" ">
    <subfield code="c">78453</subfield>
    <subfield code="d">78453</subfield>
  </datafield>
  <datafield tag="952" ind1=" " ind2=" ">
    <subfield code="0">0</subfield>
    <subfield code="1">0</subfield>
    <subfield code="4">0</subfield>
    <subfield code="7">0</subfield>
    <subfield code="a">ATENEOM</subfield>
    <subfield code="b">ATENEOM</subfield>
    <subfield code="c">SPB</subfield>
    <subfield code="d">2008-01-17</subfield>
    <subfield code="e">SC</subfield>
    <subfield code="l">0</subfield>
    <subfield code="o">B-13593</subfield>
    <subfield code="p">1082061</subfield>
    <subfield code="r">2023-02-23 00:00:00</subfield>
    <subfield code="w">2023-02-23</subfield>
    <subfield code="y">MONOGRAFIA</subfield>
  </datafield>
</record>
